000 01422nam a2200301 4500
001 0000022638
003 CO-CtgCURN
005 20250828180014.0
008 160627s2006 000 0 eng d
020 _a9587100530
040 _aCO-CtgCURN
_bspa
_ccoctgcurn
082 0 _a346.04362
_bB13le
100 1 _aBaena Cárdenas, Luis Gonzalo.
245 1 3 _aEl leasing habitacional :
_binstrumento para financiar la adquisicion de vivienda /
_cLuis Gonzalo Baena Cárdenas.
250 _a2a. ed.
260 _aBogotá :
_bUniversidad Externado de Colombia,
_c2006.
300 _a185 p.
336 _2rdacontent
337 _2rdamedia
_asin mediacion
_bn
338 _2rdacarrier
_avolumen
_bnc
504 _aBibliografia (p. 183-185)
505 8 _aGeneralidades.--Regimen juridico del leasing habitacional.--Obligaciones y derechos especiales de la empresa de leasing y de usuario.--Fuentes de financiamiento de las operaciones de leasing habitacional.--Tratamiento tributario y contable del leasing habitacional.--Aspectos procesales abreviado de restitucion de tendencia.--Dificultades para el desarrollo e implementacion del leasing habitacional en Colombia
650 0 _aBienes raices.
908 _a160627
942 _cBK
_h346.04362
_iB13le
_2ddc
999 _c49868
_d49868
_x2